Štúka z Poľska

Bibliographic Details
Main Author: Jurigová, Monika (Author)
Format: Article
Language:Slovak
PhysicalDescription:Fotogr.
ISSN:1336-4650
Subjects:

MARC

LEADER 00000nab a2200000 ar4500
001 vtls008419411
003 SK-MaSNL
005 20260303070059.0
008 051219c2005 xo wr|p|||||||000 b|slo
015 |a SNBRB2005/12  |2 snkbucl 
038 |a SNKBUCL 
040 |a SNKBUCL  |b slo  |c SNKBUCL  |e AACR2 
041 0 |a slo 
044 |a xo  |c SK 
080 |a 796.332.071  |2 1981 
080 |a 929 Sninský, Dušan  |2 1981 
100 1 |a Jurigová, Monika  |4 aut  |9 767026 
245 1 0 |a Štúka z Poľska  |c Monika Jurigová 
300 |b Fotogr. 
600 1 7 |a Sninský, Dušan,  |d 1977-  |2 snkbucl  |9 73282 
650 0 7 |a futbal  |2 snkbucl  |9 3291 
773 0 |t Live  |g Roč. II., č. 41 (2005), s. 82-85  |x 1336-4650 
852 |a SNK  |b KIS3GCP 
958 |a BX 
999 |c 1753864  |d 1755794